Statistics for Nonsense Words #2

Click here to take the quiz!

General Stats

  • This quiz has been taken 119 times
  • The average score is 11 of 13

Answer Stats

Answer% Correct
Thermalaria
98%
Utensilicon
95%
Kryptonight
93%
Abdomenthol
89%
Hollandroid
88%
Gestapology
87%
Leoparduous
86%
Melodickens
82%
Nirvanagram
82%
Butcheroine
79%
Robotickles
73%
Imaginertia
65%
Jupiterrain
53%

Score Distribution

Percentile by Number Answered

Percent of People with Each Score

Your Score History

You have not taken this quiz